Stamp duty abolished (Record no. 68954)
[ view plain ]
| 000 -LEADER | |
|---|---|
| fixed length control field | 00998cam a2200229 4500 |
| 001 - CONTROL NUMBER | |
| control field | WB3745-27 |
| 008 - FIXED-LENGTH DATA ELEMENTS--GENERAL INFORMATION | |
| fixed length control field | 011128n2001 000 0 eng u |
| 035 ## - SYSTEM CONTROL NUMBER | |
| System control number | (Sirsi) u115770 |
| 245 ## - TITLE STATEMENT | |
| Title | Stamp duty abolished |
| 260 ## - PUBLICATION, DISTRIBUTION, ETC. | |
| Date of publication, distribution, etc. | 2001 |
| 490 ## - SERIES STATEMENT | |
| Series statement | RICS Press Release |
| Volume/sequential designation | (pr154) 27 November 2001 |
| 490 ## - SERIES STATEMENT | |
| Series statement | DTLR News Release |
| Volume/sequential designation | (508) 27 November 2001, (2) |
| 520 ## - SUMMARY, ETC. | |
| Summary, etc. | RICS has welcomed the announcement in the Chancellor's pre-budget speech to abolish stamp duty in 2000 of the most deprived wards in the UK in an attempt to increase the prospects of regeneration. RICS has agreed to act as government's mediator of information on available regeneration incentives and schemes. For more links see the RICS Residential Faculty News at http://www.rics.org/res/. |
| 590 ## - LOCAL NOTE (RLIN) | |
| Local note | WB |
| 650 ## - SUBJECT ADDED ENTRY--TOPICAL TERM | |
| Topical term or geographic name entry element | STAMP DUTY |
| 650 ## - SUBJECT ADDED ENTRY--TOPICAL TERM | |
| Topical term or geographic name entry element | PRE-BUDGET REPORT |
| 650 ## - SUBJECT ADDED ENTRY--TOPICAL TERM | |
| Topical term or geographic name entry element | PROPERTY-COMMERCIAL PROPERTY |
| 650 ## - SUBJECT ADDED ENTRY--TOPICAL TERM | |
| Topical term or geographic name entry element | RESIDENTIAL PROPERTY |
| 9 (RLIN) | 6266 |
| 650 ## - SUBJECT ADDED ENTRY--TOPICAL TERM | |
| Topical term or geographic name entry element | PROPERTY SALES |
| 690 ## - LOCAL SUBJECT ADDED ENTRY--TOPICAL TERM (OCLC, RLIN) | |
| Topical term or geographic name as entry element | REGENERATION |
| 942 ## - ADDED ENTRY ELEMENTS (KOHA) | |
| Suppress in OPAC | 0 |
| Withdrawn status | Lost status | Source of classification or shelving scheme | Damaged status | Not for loan | Home library | Current library | Shelving location | Date acquired | Total Checkouts | Full call number | Barcode | Date last seen | Copy number | Price effective from | Koha item type |
|---|---|---|---|---|---|---|---|---|---|---|---|---|---|---|---|
| Dewey Decimal Classification | London | London | News article | 28/11/2001 | WB3745-27 | 115770-1001 | 06/08/2019 | 1 | 06/08/2019 | News article |